000 00403pab a2200145 454500
008 180718b1983 xxu||||| |||| 00| 0 eng d
100 _aPenning - Rowsell, Edmund C.
245 _aCountry landscape conservation policies in England and Wales
260 _c1983
300 _a211-28
362 _aApr.
650 _aLandscape - U.S.A.
773 _aJournal of Environmental Management
909 _a12030
999 _c12030
_d12030